ARRUPE JESUIT UNIVERSITY

CORONAVIRUS -STOP THE SPREAD - CLEAN,DISINFECT,COVER

Geography and enlightenment / (Record no. 6415)

MARC details
000 -LEADER
fixed length control field 01491cam a22003374a 4500
001 - CONTROL NUMBER
control field 2145110
005 - DATE AND TIME OF LATEST TRANSACTION
control field 20170920124957.0
008 - FIXED-LENGTH DATA ELEMENTS--GENERAL INFORMATION
fixed length control field 981218s1999 iluab b 001 0 eng
010 ## - LIBRARY OF CONGRESS CONTROL NUMBER
LC control number 98052359
020 ## - INTERNATIONAL STANDARD BOOK NUMBER
International Standard Book Number 0226487202 (cloth : acidfree paper)
020 ## - INTERNATIONAL STANDARD BOOK NUMBER
International Standard Book Number 0226487210 (paper)
040 ## - CATALOGING SOURCE
Original cataloging agency DLC
Transcribing agency DLC
Modifying agency DLC
042 ## - AUTHENTICATION CODE
Authentication code pcc
050 00 - LIBRARY OF CONGRESS CALL NUMBER
Classification number G70
Item number .G4432 1999
082 00 - DEWEY DECIMAL CLASSIFICATION NUMBER
Classification number 910/.9
Edition number 21
245 00 - TITLE STATEMENT
Title Geography and enlightenment /
Statement of responsibility, etc edited by David N. Livingstone and Charles W.J. Withers.
260 ## - PUBLICATION, DISTRIBUTION, ETC. (IMPRINT)
Place of publication, distribution, etc Chicago :
Name of publisher, distributor, etc University of Chicago Press,
Date of publication, distribution, etc 1999.
300 ## - PHYSICAL DESCRIPTION
Extent viii, 455 p. :
Other physical details ill., maps ;
Dimensions 24 cm.
504 ## - BIBLIOGRAPHY, ETC. NOTE
Bibliography, etc Includes bibliographical references and index.
650 #0 - SUBJECT ADDED ENTRY--TOPICAL TERM
Topical term or geographic name as entry element Geography
General subdivision History
Chronological subdivision 18th century.
9 (RLIN) 35954
650 #0 - SUBJECT ADDED ENTRY--TOPICAL TERM
Topical term or geographic name as entry element Enlightenment.
9 (RLIN) 35955
700 1# - ADDED ENTRY--PERSONAL NAME
Personal name Livingstone, David N.,
Dates associated with a name 1953-
9 (RLIN) 15007
700 1# - ADDED ENTRY--PERSONAL NAME
Personal name Withers, Charles W. J.
9 (RLIN) 35956
856 42 - ELECTRONIC LOCATION AND ACCESS
Materials specified Publisher description
Uniform Resource Identifier <a href="http://www.loc.gov/catdir/description/uchi051/98052359.html">http://www.loc.gov/catdir/description/uchi051/98052359.html</a>
856 41 - ELECTRONIC LOCATION AND ACCESS
Materials specified Table of contents only
Uniform Resource Identifier <a href="http://www.loc.gov/catdir/toc/uchi052/98052359.html">http://www.loc.gov/catdir/toc/uchi052/98052359.html</a>
856 42 - ELECTRONIC LOCATION AND ACCESS
Materials specified Contributor biographical information
Uniform Resource Identifier <a href="http://www.loc.gov/catdir/enhancements/fy0609/98052359-b.html">http://www.loc.gov/catdir/enhancements/fy0609/98052359-b.html</a>
906 ## - LOCAL DATA ELEMENT F, LDF (RLIN)
a 7
b cbc
c orignew
d 1
e ocip
f 19
g y-gencatlg
942 ## - ADDED ENTRY ELEMENTS (KOHA)
Source of classification or shelving scheme Library of Congress Classification
Item type Monograph ( Printed materials)
Holdings
Withdrawn status Lost status Source of classification or shelving scheme Damaged status Not for loan Collection code Home library Current library Shelving location Date acquired Total Checkouts Full call number Barcode Date last seen Copy number Price effective from Koha item type
    Library of Congress Classification     Main Collection ARRUPE LIBRARY ARRUPE LIBRARY   27/02/2013   G70.G4432 1999 46408515 11/04/2018 1 27/02/2013 Monograph ( Printed materials)

 

Arrupe Library. PO Box MP320 Mt Pleasant, Harare, Zimbabwe
263 242 745411|librarian@aju.ac.zw